Synthesis and Antiproliferative Activity of Steroidal Diaryl Ethers
Novel 13α-estrone derivatives have been synthesized via direct arylation of the phenolic hydroxy function. Chan–Lam couplings of arylboronic acids with 13α-estrone as a nucleophilic partner were carried out under copper catalysis. The antiproliferative activities of the newly synthesized diaryl ethe...
Elmentve itt :
| Szerzők: | |
|---|---|
| Dokumentumtípus: | Cikk |
| Megjelent: |
2023
|
| Sorozat: | MOLECULES
28 No. 3 |
| Tárgyszavak: | |
| doi: | 10.3390/molecules28031196 |
| mtmt: | 33594496 |
| Online Access: | http://publicatio.bibl.u-szeged.hu/28366 |
| LEADER | 01793nab a2200313 i 4500 | ||
|---|---|---|---|
| 001 | publ28366 | ||
| 005 | 20230928083139.0 | ||
| 008 | 230928s2023 hu o 0|| Angol d | ||
| 022 | |a 1420-3049 | ||
| 024 | 7 | |a 10.3390/molecules28031196 |2 doi | |
| 024 | 7 | |a 33594496 |2 mtmt | |
| 040 | |a SZTE Publicatio Repozitórium |b hun | ||
| 041 | |a Angol | ||
| 100 | 1 | |a Kovács Édua | |
| 245 | 1 | 0 | |a Synthesis and Antiproliferative Activity of Steroidal Diaryl Ethers |h [elektronikus dokumentum] / |c Kovács Édua |
| 260 | |c 2023 | ||
| 300 | |a 17 | ||
| 490 | 0 | |a MOLECULES |v 28 No. 3 | |
| 520 | 3 | |a Novel 13α-estrone derivatives have been synthesized via direct arylation of the phenolic hydroxy function. Chan–Lam couplings of arylboronic acids with 13α-estrone as a nucleophilic partner were carried out under copper catalysis. The antiproliferative activities of the newly synthesized diaryl ethers against a panel of human cancer cell lines (A2780, MCF-7, MDA-MB 231, HeLa, SiHa) were investigated by means of MTT assays. The quinoline derivative displayed substantial antiproliferative activity against MCF-7 and HeLa cell lines with low micromolar IC50 values. Disturbance of tubulin polymerization has been confirmed by microplate-based photometric assay. Computational calculations reveal significant interactions of the quinoline derivative with the taxoid binding site of tubulin. | |
| 650 | 4 | |a Kémiai tudományok | |
| 700 | 0 | 1 | |a Ali Hazhmat |e aut |
| 700 | 0 | 1 | |a Minorics Renáta |e aut |
| 700 | 0 | 1 | |a Traj Péter |e aut |
| 700 | 0 | 1 | |a Resch Vivien Erzsébet |e aut |
| 700 | 0 | 1 | |a Paragi Gábor |e aut |
| 700 | 0 | 1 | |a Bruszel Bella |e aut |
| 700 | 0 | 1 | |a Zupkó István |e aut |
| 700 | 0 | 1 | |a Mernyák Erzsébet |e aut |
| 856 | 4 | 0 | |u http://publicatio.bibl.u-szeged.hu/28366/1/molecules-28-01196-v3.pdf |z Dokumentum-elérés |